| 000 | 00402cam a2200133ua 4500 | ||
|---|---|---|---|
| 082 |
_a540.0162 _bJAI/EN |
||
| 100 |
_aJain, P.C; . _91318 |
||
| 100 |
_aMonika, Jain . _91319 |
||
| 245 | _aEngineering Chemistry [Chemisry of Engineering Materials], (A Modern Approach) | ||
| 250 | _a15 / 16 | ||
| 260 |
_aNew Delhi : _bDhanpat Rai Publishing Co. Pvt. Ltd. , _c2006, 2013 |
||
| 300 | _a1404 | ||
| 942 | _cBK | ||
| 999 |
_c12948 _d12948 |
||